000
00210nam a2200085Ia 4500
008
120527s9999 xx 000 0 und d
100
_a
Giovacchini, L.
245
_a
A Narrative textbook of Psychology
942
_c
BK
999
_c
27538
_d
27538